000
00333nam a2200145Ia 4500
003
OSt
005
20240304123639.0
008
170524s9999 xx 000 0 und d
020
_a
978-0070583559
040
_c
IIMT UNIVERSITY
100
_a
Chary
245
0
_a
Producation & Operations Management
260
_a
TMH
942
_2
ddc
_c
01
999
_c
3144
_d
3144